000 00848nam a2200241 4500
001 137517
003 ES-MaACL
005 20230906195404.0
007 t|
008 070214q1936 sp r ||||1| spa d
100 1 _aSánchez Cantón, Francisco Javier,
_d1891-1971
_9102521
245 1 0 _aEspaña /
_cFrancisco Javier Sánchez Cantón.
260 _aMadrid :
_bHauser y Menet,
_c[ca. 1936]
300 _a163 p. :
_bil. ;
_c20 cm.
490 1 _aPublicación del Patronato Nacional del Turismo
651 4 _aEspaña-
_vGuías turísticas.
_98206
651 4 _aEspaña-
_xDescripción-
_yS.XX.
_98187
710 2 _aPatronato Nacional del Turismo (España)
_96194
710 2 _aHauser y Menet (Madrid)
_94558
830 1 _aPublicación del Patronato Nacional del Turismo
_9220099
852 _aES-MaACL
_jF-4752
999 _c137517
_d137517